<?xml version="1.0" encoding="UTF-8"?>
<record
    xmlns:xsi="http://www.w3.org/2001/XMLSchema-instance"
    xsi:schemaLocation="http://www.loc.gov/MARC21/slim http://www.loc.gov/standards/marcxml/schema/MARC21slim.xsd"
    xmlns="http://www.loc.gov/MARC21/slim">

  <leader>00672nam a2200205Ia 4500</leader>
  <controlfield tag="005">20220209102024.0</controlfield>
  <controlfield tag="008">210716s2004    xx            000 0 und d</controlfield>
  <datafield tag="020" ind1=" " ind2=" ">
    <subfield code="a">9788131506790</subfield>
  </datafield>
  <datafield tag="040" ind1=" " ind2=" ">
    <subfield code="c">AIMIT LIBRARY</subfield>
  </datafield>
  <datafield tag="041" ind1=" " ind2=" ">
    <subfield code="a">eng</subfield>
  </datafield>
  <datafield tag="082" ind1=" " ind2=" ">
    <subfield code="a">658.4006 </subfield>
    <subfield code="2">1</subfield>
    <subfield code="b">DAFR</subfield>
  </datafield>
  <datafield tag="100" ind1=" " ind2=" ">
    <subfield code="a">Daft, Richard L.</subfield>
    <subfield code="9">18213</subfield>
  </datafield>
  <datafield tag="245" ind1=" " ind2=" ">
    <subfield code="a">Organizational theory change and design /</subfield>
    <subfield code="c">By Richard L. Daft.</subfield>
  </datafield>
  <datafield tag="250" ind1=" " ind2=" ">
    <subfield code="a">1st ed.</subfield>
  </datafield>
  <datafield tag="260" ind1=" " ind2=" ">
    <subfield code="a">New Delhi :</subfield>
    <subfield code="b">Cengage Learning India Pvt Ltd ,</subfield>
    <subfield code="c">2004.</subfield>
  </datafield>
  <datafield tag="300" ind1=" " ind2=" ">
    <subfield code="a">510p. ;</subfield>
    <subfield code="c">24 cm.</subfield>
  </datafield>
  <datafield tag="650" ind1=" " ind2=" ">
    <subfield code="a">Organizational purpose and structural design</subfield>
    <subfield code="9">18214</subfield>
  </datafield>
  <datafield tag="650" ind1=" " ind2=" ">
    <subfield code="a">Manufacturing and service technologies</subfield>
    <subfield code="9">18215</subfield>
  </datafield>
  <datafield tag="942" ind1=" " ind2=" ">
    <subfield code="2">ddc</subfield>
    <subfield code="c">BK</subfield>
    <subfield code="e">1st</subfield>
    <subfield code="k">658.4006 DAFR</subfield>
  </datafield>
  <datafield tag="999" ind1=" " ind2=" ">
    <subfield code="c">204120</subfield>
    <subfield code="d">204120</subfield>
  </datafield>
  <datafield tag="952" ind1=" " ind2=" ">
    <subfield code="0">0</subfield>
    <subfield code="1">0</subfield>
    <subfield code="2">ddc</subfield>
    <subfield code="4">0</subfield>
    <subfield code="7">0</subfield>
    <subfield code="8">MBA</subfield>
    <subfield code="a">AIMIT</subfield>
    <subfield code="b">AIMIT</subfield>
    <subfield code="d">2009-10-20</subfield>
    <subfield code="g">407.00</subfield>
    <subfield code="i">Bill no:9933; Bill dt:2009-10-13</subfield>
    <subfield code="l">0</subfield>
    <subfield code="o">658.4006 DAFR</subfield>
    <subfield code="p">MBA06686</subfield>
    <subfield code="r">2026-05-23 00:00:00</subfield>
    <subfield code="v">305.25</subfield>
    <subfield code="w">2021-07-16</subfield>
    <subfield code="y">BK</subfield>
  </datafield>
  <datafield tag="952" ind1=" " ind2=" ">
    <subfield code="0">0</subfield>
    <subfield code="1">0</subfield>
    <subfield code="2">ddc</subfield>
    <subfield code="4">0</subfield>
    <subfield code="7">0</subfield>
    <subfield code="8">MBA</subfield>
    <subfield code="a">AIMIT</subfield>
    <subfield code="b">AIMIT</subfield>
    <subfield code="d">2009-10-20</subfield>
    <subfield code="g">407.00</subfield>
    <subfield code="i">Bill no:9933; Bill dt:2009-10-13</subfield>
    <subfield code="l">0</subfield>
    <subfield code="o">658.4006 DAFR</subfield>
    <subfield code="p">MBA06687</subfield>
    <subfield code="r">2026-05-23 00:00:00</subfield>
    <subfield code="v">305.25</subfield>
    <subfield code="w">2021-07-16</subfield>
    <subfield code="y">BK</subfield>
  </datafield>
  <datafield tag="952" ind1=" " ind2=" ">
    <subfield code="0">0</subfield>
    <subfield code="1">0</subfield>
    <subfield code="2">ddc</subfield>
    <subfield code="4">0</subfield>
    <subfield code="7">0</subfield>
    <subfield code="8">MBA</subfield>
    <subfield code="a">AIMIT</subfield>
    <subfield code="b">AIMIT</subfield>
    <subfield code="d">2009-10-20</subfield>
    <subfield code="g">407.00</subfield>
    <subfield code="i">Bill no:9933; Bill dt:2009-10-13</subfield>
    <subfield code="l">0</subfield>
    <subfield code="o">658.4006 DAFR</subfield>
    <subfield code="p">MBA06688</subfield>
    <subfield code="r">2026-05-23 00:00:00</subfield>
    <subfield code="v">305.25</subfield>
    <subfield code="w">2021-07-16</subfield>
    <subfield code="y">BK</subfield>
  </datafield>
  <datafield tag="952" ind1=" " ind2=" ">
    <subfield code="0">0</subfield>
    <subfield code="1">0</subfield>
    <subfield code="2">ddc</subfield>
    <subfield code="4">0</subfield>
    <subfield code="7">0</subfield>
    <subfield code="8">MBA</subfield>
    <subfield code="a">AIMIT</subfield>
    <subfield code="b">AIMIT</subfield>
    <subfield code="d">2009-10-20</subfield>
    <subfield code="g">407.00</subfield>
    <subfield code="i">Bill no:9933; Bill dt:2009-10-13</subfield>
    <subfield code="l">0</subfield>
    <subfield code="o">658.4006 DAFR</subfield>
    <subfield code="p">MBA06689</subfield>
    <subfield code="r">2026-05-23 00:00:00</subfield>
    <subfield code="v">305.25</subfield>
    <subfield code="w">2021-07-16</subfield>
    <subfield code="y">BK</subfield>
  </datafield>
  <datafield tag="952" ind1=" " ind2=" ">
    <subfield code="0">0</subfield>
    <subfield code="1">0</subfield>
    <subfield code="2">ddc</subfield>
    <subfield code="4">0</subfield>
    <subfield code="7">0</subfield>
    <subfield code="8">MBA</subfield>
    <subfield code="a">AIMIT</subfield>
    <subfield code="b">AIMIT</subfield>
    <subfield code="d">2009-10-20</subfield>
    <subfield code="g">407.00</subfield>
    <subfield code="i">Bill no:9933; Bill dt:2009-10-13</subfield>
    <subfield code="l">0</subfield>
    <subfield code="o">658.4006 DAFR</subfield>
    <subfield code="p">MBA06690</subfield>
    <subfield code="r">2026-05-23 00:00:00</subfield>
    <subfield code="v">305.25</subfield>
    <subfield code="w">2021-07-16</subfield>
    <subfield code="y">BK</subfield>
  </datafield>
  <datafield tag="952" ind1=" " ind2=" ">
    <subfield code="0">0</subfield>
    <subfield code="1">0</subfield>
    <subfield code="2">ddc</subfield>
    <subfield code="4">0</subfield>
    <subfield code="7">0</subfield>
    <subfield code="8">MBA</subfield>
    <subfield code="a">AIMIT</subfield>
    <subfield code="b">AIMIT</subfield>
    <subfield code="d">2009-10-20</subfield>
    <subfield code="g">407.00</subfield>
    <subfield code="i">Bill no:9933; Bill dt:2009-10-13</subfield>
    <subfield code="l">0</subfield>
    <subfield code="o">658.4006 DAFR</subfield>
    <subfield code="p">MBA06691</subfield>
    <subfield code="r">2026-05-23 00:00:00</subfield>
    <subfield code="v">305.25</subfield>
    <subfield code="w">2021-07-16</subfield>
    <subfield code="y">BK</subfield>
  </datafield>
  <datafield tag="952" ind1=" " ind2=" ">
    <subfield code="0">0</subfield>
    <subfield code="1">0</subfield>
    <subfield code="2">ddc</subfield>
    <subfield code="4">0</subfield>
    <subfield code="7">0</subfield>
    <subfield code="8">MBA</subfield>
    <subfield code="a">AIMIT</subfield>
    <subfield code="b">AIMIT</subfield>
    <subfield code="d">2009-10-20</subfield>
    <subfield code="g">407.00</subfield>
    <subfield code="i">Bill no:9933; Bill dt:2009-10-13</subfield>
    <subfield code="l">0</subfield>
    <subfield code="o">658.4006 DAFR</subfield>
    <subfield code="p">MBA06692</subfield>
    <subfield code="r">2026-05-23 00:00:00</subfield>
    <subfield code="v">305.25</subfield>
    <subfield code="w">2021-07-16</subfield>
    <subfield code="y">BK</subfield>
  </datafield>
  <datafield tag="952" ind1=" " ind2=" ">
    <subfield code="0">0</subfield>
    <subfield code="1">0</subfield>
    <subfield code="2">ddc</subfield>
    <subfield code="4">0</subfield>
    <subfield code="7">0</subfield>
    <subfield code="8">MBA</subfield>
    <subfield code="a">AIMIT</subfield>
    <subfield code="b">AIMIT</subfield>
    <subfield code="d">2009-10-20</subfield>
    <subfield code="g">407.00</subfield>
    <subfield code="i">Bill no:9933; Bill dt:2009-10-13</subfield>
    <subfield code="l">0</subfield>
    <subfield code="o">658.4006 DAFR</subfield>
    <subfield code="p">MBA06693</subfield>
    <subfield code="r">2026-05-23 00:00:00</subfield>
    <subfield code="v">305.25</subfield>
    <subfield code="w">2021-07-16</subfield>
    <subfield code="y">BK</subfield>
  </datafield>
  <datafield tag="952" ind1=" " ind2=" ">
    <subfield code="0">0</subfield>
    <subfield code="1">0</subfield>
    <subfield code="2">ddc</subfield>
    <subfield code="4">0</subfield>
    <subfield code="7">0</subfield>
    <subfield code="8">MBA</subfield>
    <subfield code="a">AIMIT</subfield>
    <subfield code="b">AIMIT</subfield>
    <subfield code="d">2009-10-20</subfield>
    <subfield code="g">407.00</subfield>
    <subfield code="i">Bill no:9933; Bill dt:2009-10-13</subfield>
    <subfield code="l">0</subfield>
    <subfield code="o">658.4006 DAFR</subfield>
    <subfield code="p">MBA06694</subfield>
    <subfield code="r">2025-07-21 00:00:00</subfield>
    <subfield code="v">305.25</subfield>
    <subfield code="w">2021-07-16</subfield>
    <subfield code="y">BK</subfield>
  </datafield>
  <datafield tag="952" ind1=" " ind2=" ">
    <subfield code="0">0</subfield>
    <subfield code="1">0</subfield>
    <subfield code="2">ddc</subfield>
    <subfield code="4">0</subfield>
    <subfield code="7">0</subfield>
    <subfield code="8">MBA</subfield>
    <subfield code="a">AIMIT</subfield>
    <subfield code="b">AIMIT</subfield>
    <subfield code="d">2009-10-20</subfield>
    <subfield code="g">407.00</subfield>
    <subfield code="i">Bill no:9933; Bill dt:2009-10-13</subfield>
    <subfield code="l">0</subfield>
    <subfield code="o">658.4006 DAFR</subfield>
    <subfield code="p">MBA06695</subfield>
    <subfield code="r">2026-05-23 00:00:00</subfield>
    <subfield code="v">305.25</subfield>
    <subfield code="w">2021-07-16</subfield>
    <subfield code="y">BK</subfield>
  </datafield>
  <datafield tag="952" ind1=" " ind2=" ">
    <subfield code="0">0</subfield>
    <subfield code="1">0</subfield>
    <subfield code="2">ddc</subfield>
    <subfield code="4">0</subfield>
    <subfield code="7">0</subfield>
    <subfield code="8">MBA</subfield>
    <subfield code="a">AIMIT</subfield>
    <subfield code="b">AIMIT</subfield>
    <subfield code="d">2010-09-25</subfield>
    <subfield code="g">415.00</subfield>
    <subfield code="i">Bill no:744; Bill dt:2010-09-17</subfield>
    <subfield code="l">0</subfield>
    <subfield code="o">658.4006 DAFR</subfield>
    <subfield code="p">MBA08261</subfield>
    <subfield code="r">2026-05-23 00:00:00</subfield>
    <subfield code="v">311.25</subfield>
    <subfield code="w">2021-07-16</subfield>
    <subfield code="y">BK</subfield>
  </datafield>
  <datafield tag="952" ind1=" " ind2=" ">
    <subfield code="0">0</subfield>
    <subfield code="1">0</subfield>
    <subfield code="2">ddc</subfield>
    <subfield code="4">0</subfield>
    <subfield code="7">0</subfield>
    <subfield code="8">MBA</subfield>
    <subfield code="a">AIMIT</subfield>
    <subfield code="b">AIMIT</subfield>
    <subfield code="d">2010-09-25</subfield>
    <subfield code="g">415.00</subfield>
    <subfield code="i">Bill no:744; Bill dt:2010-09-17</subfield>
    <subfield code="l">0</subfield>
    <subfield code="o">658.4006 DAFR</subfield>
    <subfield code="p">MBA08262</subfield>
    <subfield code="r">2026-05-23 00:00:00</subfield>
    <subfield code="v">311.25</subfield>
    <subfield code="w">2021-07-16</subfield>
    <subfield code="y">BK</subfield>
  </datafield>
  <datafield tag="952" ind1=" " ind2=" ">
    <subfield code="0">0</subfield>
    <subfield code="1">0</subfield>
    <subfield code="2">ddc</subfield>
    <subfield code="4">0</subfield>
    <subfield code="7">0</subfield>
    <subfield code="8">MBA</subfield>
    <subfield code="a">AIMIT</subfield>
    <subfield code="b">AIMIT</subfield>
    <subfield code="d">2010-09-25</subfield>
    <subfield code="g">415.00</subfield>
    <subfield code="i">Bill no:744; Bill dt:2010-09-17</subfield>
    <subfield code="l">0</subfield>
    <subfield code="o">658.4006 DAFR</subfield>
    <subfield code="p">MBA08263</subfield>
    <subfield code="r">2026-05-23 00:00:00</subfield>
    <subfield code="v">311.25</subfield>
    <subfield code="w">2021-07-16</subfield>
    <subfield code="y">BK</subfield>
  </datafield>
  <datafield tag="952" ind1=" " ind2=" ">
    <subfield code="0">0</subfield>
    <subfield code="1">0</subfield>
    <subfield code="2">ddc</subfield>
    <subfield code="4">0</subfield>
    <subfield code="7">0</subfield>
    <subfield code="8">MBA</subfield>
    <subfield code="a">AIMIT</subfield>
    <subfield code="b">AIMIT</subfield>
    <subfield code="d">2010-09-25</subfield>
    <subfield code="g">415.00</subfield>
    <subfield code="i">Bill no:744; Bill dt:2010-09-17</subfield>
    <subfield code="l">0</subfield>
    <subfield code="o">658.4006 DAFR</subfield>
    <subfield code="p">MBA08264</subfield>
    <subfield code="r">2026-05-23 00:00:00</subfield>
    <subfield code="v">311.25</subfield>
    <subfield code="w">2021-07-16</subfield>
    <subfield code="y">BK</subfield>
  </datafield>
  <datafield tag="952" ind1=" " ind2=" ">
    <subfield code="0">0</subfield>
    <subfield code="1">0</subfield>
    <subfield code="2">ddc</subfield>
    <subfield code="4">0</subfield>
    <subfield code="7">0</subfield>
    <subfield code="8">MBA</subfield>
    <subfield code="a">AIMIT</subfield>
    <subfield code="b">AIMIT</subfield>
    <subfield code="d">2010-09-25</subfield>
    <subfield code="g">415.00</subfield>
    <subfield code="i">Bill no:744; Bill dt:2010-09-17</subfield>
    <subfield code="l">0</subfield>
    <subfield code="o">658.4006 DAFR</subfield>
    <subfield code="p">MBA08265</subfield>
    <subfield code="r">2026-05-23 00:00:00</subfield>
    <subfield code="v">311.25</subfield>
    <subfield code="w">2021-07-16</subfield>
    <subfield code="y">BK</subfield>
  </datafield>
</record>
